Reagan /

Bibliographic Details
Main Author: Cannon, Lou
Format: Book
Language:English
Published: New York : Putnam, [1982]
Subjects:

MARC

Tag First Indicator Second Indicator Subfields
LEADER 00000pam a2200000 a 4500
001 in00000070298
005 20151008061701.0
008 820326s1982 nyuaf b 00110beng
010 |a  82005370  
020 |a 0399127569 
035 |a (OCoLC)08386790 
035 |9 AAJ8594AM 
039 0 |a 2  |b 3  |c 3  |d 3  |e 3 
040 |a DLC  |c DLC  |d TXA  |d UtOrBLW 
043 |a n-us-ca 
049 |a TXAM  |c [1673985] 
050 0 0 |a E877  |b .C36 1982 
100 1 |a Cannon, Lou. 
245 1 0 |a Reagan /  |c Lou Cannon. 
264 1 |a New York :  |b Putnam,  |c [1982] 
264 4 |c ©1982 
300 |a 464 pages, 16 unnumbered pages of plates :  |b illustrations ;  |c 24 cm. 
336 |a text  |b txt  |2 rdacontent 
337 |a unmediated  |b n  |2 rdamedia 
338 |a volume  |b nc  |2 rdacarrier 
500 |a Includes index. 
504 |a Bibliography: pages 433-441. 
600 1 0 |a Reagan, Ronald. 
650 0 |a Presidents  |z United States  |v Biography. 
651 0 |a California  |x Governors  |x Biography. 
999 |a MARS 
999 f f |s 634497da-ae20-303d-87aa-72f1f5efb214  |i a78ca1df-5be3-32ae-9c49-3f0f6d5fc002  |t 0 
952 f f |p ric  |a Texas A&M University  |b Rellis Campus  |c Joint Library Facility  |d Remote Storage  |t 0  |e E877 .C36 1982  |h Library of Congress classification  |i unmediated -- volume  |m A14806330353 
998 f f |a E877 .C36 1982  |t 0  |l Remote Storage